| 000 | 00442nam a2200181Ia 4500 | ||
|---|---|---|---|
| 001 | 1721 | ||
| 005 | 20260306143749.0 | ||
| 008 | 260306t2011||||xx |||||||||||||| ||spa|| | ||
| 041 | _aESP | ||
| 082 |
_a155.23 _bB45 |
||
| 100 |
_aBermejo, José Carlos _eAUT |
||
| 245 | 0 |
_aResiliencia: _buna mirada humanizadora al sufrimiento |
|
| 260 | _c2011 | ||
| 300 |
_a124páginas : _c |
||
| 650 | _aGEN | ||
| 654 | _aCPS | ||
| 942 |
_cLIB _dJUS _fJUS _2ddc _n |
||
| 999 |
_c1721 _d1721 |
||